الدليل العلمي لتطبيق ادارة الجودة الشاملة: آيزو9000 - المقارنة المرجعية = TQM ISO 9000 Bench Marking (Record no. 29195)
[ view plain ]
| 000 -LEADER | |
|---|---|
| fixed length control field | 01042nam a2200241Ii 4500 |
| 003 - CONTROL NUMBER IDENTIFIER | |
| control field | JO-AjNU |
| 008 - FIXED-LENGTH DATA ELEMENTS--GENERAL INFORMATION | |
| fixed length control field | 230605s9999||||xx |||||||||||||| ||und|| |
| 017 ## - COPYRIGHT OR LEGAL DEPOSIT NUMBER | |
| Copyright or legal deposit number | 1994/11017 |
| 020 ## - INTERNATIONAL STANDARD BOOK NUMBER | |
| International Standard Book Number | 977-5452-02-3 |
| 040 ## - CATALOGING SOURCE | |
| Original cataloging agency | JO-AjNU |
| Language of cataloging | ara |
| Description conventions | rda |
| Transcribing agency | JO-AjNU |
| 041 ## - LANGUAGE CODE | |
| Language code of text/sound track or separate title | ara |
| 050 14 - LIBRARY OF CONGRESS CALL NUMBER | |
| Classification number | HD62.15.S52 1995 |
| 100 3# - MAIN ENTRY--PERSONAL NAME | |
| Personal name | تاليف الشبراوي، عادل, |
| Relator term | author |
| 9 (RLIN) | 57219 |
| 245 00 - TITLE STATEMENT | |
| Title | الدليل العلمي لتطبيق ادارة الجودة الشاملة: آيزو9000 - المقارنة المرجعية = TQM ISO 9000 Bench Marking |
| 250 ## - EDITION STATEMENT | |
| Edition statement | ط1 |
| 264 31 - PRODUCTION, PUBLICATION, DISTRIBUTION, MANUFACTURE, AND COPYRIGHT NOTICE | |
| Place of production, publication, distribution, manufacture | القاهرة: الشركة العربية للاعلام العلمي(شعاع)، 1995 |
| 300 ## - PHYSICAL DESCRIPTION | |
| Extent | 152ص |
| Other physical details | يحتوي على ببلوغرافية من ص151-152ص |
| 336 ## - CONTENT TYPE | |
| Content type term | text |
| Content type code | txt |
| Source | rdacontent |
| 337 ## - MEDIA TYPE | |
| Media type term | unmediated |
| Media type code | n |
| Source | rdamedia |
| 338 ## - CARRIER TYPE | |
| Carrier type term | volume |
| Carrier type code | nc |
| Source | rdacarrier |
| 490 0# - SERIES STATEMENT | |
| Series statement | سلسلة مكتبة رجل الاعمال ،2 |
| 650 #4 - SUBJECT ADDED ENTRY--TOPICAL TERM | |
| Topical term or geographic name entry element | ادارة الجودة الشاملة - مواصفات الايزو 9000- ادارة الانتاج |
| 9 (RLIN) | 57220 |
| Withdrawn status | Lost status | Source of classification or shelving scheme | Damaged status | Not for loan | Home library | Current library | Shelving location | Date acquired | Total Checkouts | Full call number | Barcode | Date last seen | Price effective from | Koha item type |
|---|---|---|---|---|---|---|---|---|---|---|---|---|---|---|
| Library of Congress Classification | مكتبة جامعة عجلون الوطنية | مكتبة جامعة عجلون الوطنية | المجموعات العامة | 06/06/2023 | HD62.15.S52 1995 | A25627 | 06/06/2023 | 06/06/2023 | Books |